Endlessly Green: Solid Waste Management for Everyone (Record no. 221150)
[ view plain ]
| 000 -LEADER | |
|---|---|
| fixed length control field | 01712nam a22002777a 4500 |
| 005 - DATE AND TIME OF LATEST TRANSACTION | |
| control field | 20220111111250.0 |
| 008 - FIXED-LENGTH DATA ELEMENTS--GENERAL INFORMATION | |
| fixed length control field | 220111b ||||| |||| 00| 0 eng d |
| 020 ## - INTERNATIONAL STANDARD BOOK NUMBER | |
| International Standard Book Number | 9788195131723 |
| 040 ## - CATALOGING SOURCE | |
| Transcribing agency | AL |
| 041 ## - LANGUAGE CODE | |
| Language code of text/sound track or separate title | eng |
| 082 ## - DEWEY DECIMAL CLASSIFICATION NUMBER | |
| Edition number | 23 |
| Classification number | 628.44 |
| Item number | HIRE |
| 100 ## - MAIN ENTRY--PERSONAL NAME | |
| Personal name | Savita Hiremath |
| 100 ## - MAIN ENTRY--PERSONAL NAME | |
| 9 (RLIN) | 12901 |
| 245 ## - TITLE STATEMENT | |
| Title | Endlessly Green: Solid Waste Management for Everyone |
| 260 ## - PUBLICATION, DISTRIBUTION, ETC. | |
| Place of publication, distribution, etc. | London |
| Name of publisher, distributor, etc. | Simon & Schuster |
| Date of publication, distribution, etc. | 2021 |
| 300 ## - PHYSICAL DESCRIPTION | |
| Extent | xviii,290 p. |
| Other physical details | PB |
| Dimensions | 21x13 cm. |
| 365 ## - TRADE PRICE | |
| Source of price type code | General |
| Price type code | 4529 |
| Price amount | 351.00 |
| Currency code | ₹ |
| Unit of pricing | 450.00 |
| Price note | 22% |
| Price effective from | 22-12-2021 |
| 520 ## - SUMMARY, ETC. | |
| Summary, etc. | Endlessly Green looks at the history, the science and the art of composting and sustainable waste management through a kaleidoscope of philosophical, moral and ethical intricacies. The author digs into her rich pool of experiential learnings and raw inputs gathered through a decade of research, legwork and fearless execution.<br/>This engaging field guide equips community volunteers, activists, students, SWM practitioners and professionals with practical inputs on segregation, composting and organic gardening/farming, making sustainability imaginable in a concrete jungle. In doing so, it helps individuals discover the possibilities of bringing about a change in their environment by engaging their own environmental sensibilities.<br/>Endlessly Green is an extraordinary celebration of things small and significant and the fight against waste, culminating in a replicable and scalable end-to-end solution. |
| 650 ## - SUBJECT ADDED ENTRY--TOPICAL TERM | |
| Topical term or geographic name entry element | Waste Management |
| 9 (RLIN) | 12894 |
| 650 ## - SUBJECT ADDED ENTRY--TOPICAL TERM | |
| Topical term or geographic name entry element | Dioxins |
| 9 (RLIN) | 12895 |
| 650 ## - SUBJECT ADDED ENTRY--TOPICAL TERM | |
| Topical term or geographic name entry element | Earthworms |
| 9 (RLIN) | 12896 |
| 650 ## - SUBJECT ADDED ENTRY--TOPICAL TERM | |
| Topical term or geographic name entry element | Composting |
| 9 (RLIN) | 12897 |
| 650 ## - SUBJECT ADDED ENTRY--TOPICAL TERM | |
| Topical term or geographic name entry element | Pathogens |
| 9 (RLIN) | 12898 |
| 650 ## - SUBJECT ADDED ENTRY--TOPICAL TERM | |
| Topical term or geographic name entry element | Carbon and Nitrogen |
| 9 (RLIN) | 12899 |
| 700 ## - ADDED ENTRY--PERSONAL NAME | |
| Personal name | HIREMATH (Savita) |
| 9 (RLIN) | 12900 |
| 942 ## - ADDED ENTRY ELEMENTS (KOHA) | |
| Source of classification or shelving scheme | Dewey Decimal Classification |
| Koha item type | Book |
| Withdrawn status | Lost status | Source of classification or shelving scheme | Damaged status | Not for loan | Collection code | Home library | Current library | Date acquired | Source of acquisition | Cost, normal purchase price | Total Checkouts | Full call number | Barcode | Date last seen | Date last checked out | Cost, replacement price | Price effective from | Koha item type |
|---|---|---|---|---|---|---|---|---|---|---|---|---|---|---|---|---|---|---|
| Dewey Decimal Classification | General | St Aloysius Library | St Aloysius Library | 12/30/2021 | Biblios Book Point, Surathkal, Mangalore-575016 | 351.00 | 1 | 628.44 HIRE | 075230 | 06/27/2022 | 06/18/2022 | 450.00 | 01/11/2022 | Book |